00809nam a2200205Ia 4500003000900000008004100009040001600050080002500066100002000091245027100111260005000382300001000432500002600442650004100468700001800509700001800527700001800545700002100563700001900584IN-BaIIA211028s9999 xx 000 0 eng d cIIA Library a083.8:524.33bKUK-51 aKukarkin, B. V. 0aFirst supplement to the third edition of the general catalogue of variable stars containing Information on 2216, variable stars designated in 1970 and Improved Information on 1907 previouslycB. V. Kukarkin…[et al.]  aMoscowbAcademy of Sciences of the USSRc1971 a323p. aDonated by Mrs. Bappu aAstronomy and Astrophysics Thesaurus aEfremov, YU N aKholopov, P N aKukarkin, N P aKurochkin, A N E aMedvedeva, G I